000 00650nam a2200241Ia 4500
003 OSt
005 20220924122355.0
006 a|||||r|||| 00| 0
007 ta
008 220923b |||||||| |||| 00| 0 urd d
020 _c75.00
024 _a318702
037 _cTextual
040 _aARTS
_cARTS
_burd
041 _2urd
_aurd
082 _aO168,3NLA5x, N4
100 _aPayami Lateef Au.
_9189286
245 0 _aFursat-e-gunah
260 _aLahore
_bShahir publications Pakistan
_c1994
650 _aURDU FICTION
_93298
942 _hO168,3NLA5x, N4
_cTEXL
_2CC
999 _c411388
_d411388